China, Presidents of Republic of - Statistics

General Stats
  • This quiz has been taken 20 times
  • The average score is 18 of 29
Answer Stats
Term Party President % Correct
1928-1931 Kuomintang Chiang Kai-shek
94%
1943-1949 Kuomintang Chiang Kai-shek
94%
1950-1975 Kuomintang Chiang Kai-shek
94%
1912 Tongmenghui Sun Yat-Sen
89%
2016-2024 Democratic Progressive Tsai Ing-wen
78%
1912-1916 Beiyang clique Yuan Shikai
78%
Takes office 20th May 2024, Term Expires 20 May 2028 Democratic Progressive Lai Ching-te
72%
1978-1988 Kuomintang Chiang Ching-kuo
67%
1988-2000 Kuomintang Chiang Ching-kuo
67%
1924-1926 Anhui clique Duan Qirui
67%
1916-1917 Progressive Party Li Yuanhong
67%
1922-1923 Research clique Li Yuanhong
67%
1949-1950 Kuomintang Li Zongren
67%
2923-1924 Zhili clique Cao Kun
61%
2000-2008 Democratic Progressive Chen Shui-bian
61%
1927-1928 Fengtian clique Zhang Zuolin
61%
1931-1943 Kuomintang Lin Sen
56%
2008-2016 Kuomintang Ma Ying-jeou
56%
1928 Kuomintang Tan Yankai
56%
1918-1922 Anhui clique Xu Shichang
56%
1975-1978 Kuomintang Yen Chia-kan
56%
1917-1918 Zhili clique Feng Guozhang
50%
1923 Zhili clique Gao Lingwei
50%
1926 Nonpartisan Yan Huiqing
50%
1924 Nonpartisan Huang Fu
44%
1926 Zhili clique Hu Weide
44%
1926-1927 Nonpartisan V.K. Wellington Koo
44%
1922 Communications clique Zhou Ziqi
44%
1926 Zhili clique Du Xigui
39%
No matching quizzes found
Score Distribution
Percent of People with Each Score
Percentile by Number Answered
Your Score History
You have not taken this quiz